000 00637nam a2200181Ia 4500
008 151202s9999||||xx |||||||||||||| ||und||
082 _bPNVM-31325
100 _aखांबाटे द.पा.
245 _aयुद्धातील थरारक कथा.
260 _b"प्रिया प्रकाशन,मुंबई."
260 _c0
300 _a235
600 _aखांबाटे द.पा.
630 _aयुद्धातील थरारक कथा.
700 _aखांबाटे द.पा.
730 _aयुद्धातील थरारक कथा.
942 _cBOOK
999 _c1297287
_d1297284